| 000 -LEADER |
| fixed length control field |
00736nam a22001337a 4500 |
| 040 ## - CATALOGING SOURCE |
| Transcribing agency |
RUA |
| 082 ## - DEWEY DECIMAL CLASSIFICATION NUMBER |
| Classification number |
AGR SRE 2012 B051 Or.1 |
| 100 ## - MAIN ENTRY--AUTHOR NAME |
| Personal name |
SRENG, BUNSOK. |
| 245 ## - TITLE STATEMENT |
| Title |
Effect of spraying insecticide to control brown planthopper on natural enemies population in rice ecosystem ឥទ្ធិពលនៃការបាញ់សម្លាប់សត្វមមាចត្នោតលើប្រជាករសត្វមានប្រយោជន៍ក្នុងប្រព័ន្ធបរិស្ថានដំណាំស្រូវ |
| 260 ## - PUBLICATION, DISTRIBUTION, ETC. (IMPRINT) |
| Place of publication |
Phnom Penh |
| Name of publisher |
RUA |
| Year of publication |
2012 |
| 300 ## - PHYSICAL DESCRIPTION |
| Number of Pages |
xi; 53p. |
| Other physical details |
ill. |
| Dimensions |
29cm. |
| 856 ## - ELECTRONIC LOCATION AND ACCESS |
| Uniform Resource Identifier |
https://drive.google.com/file/d/1x3k-3FdQmDBRlJT1xKv7BDCY9XMX9QAH/view?usp=sharing |
| 942 ## - ADDED ENTRY ELEMENTS (KOHA) |
| Koha item type |
AGR |
| 952 ## - LOCATION AND ITEM INFORMATION (KOHA) |
| Withdrawn status [LOCAL, KOHA] |
0 |
| 952 ## - LOCATION AND ITEM INFORMATION (KOHA) |
| Withdrawn status [LOCAL, KOHA] |
0 |
| 952 ## - LOCATION AND ITEM INFORMATION (KOHA) |
| Withdrawn status [LOCAL, KOHA] |
0 |
| 952 ## - LOCATION AND ITEM INFORMATION (KOHA) |
| Withdrawn status [LOCAL, KOHA] |
0 |